|
|
|
|
| LEADER |
00000nam0a2200000 4500 |
| 001 |
332346 |
| 005 |
20231102004440.0 |
| 035 |
|
|
|a (RuTPU)RU\TPU\book\358263
|
| 090 |
|
|
|a 332346
|
| 100 |
|
|
|a 20170519d1976 km y0rusy50 ca
|
| 101 |
0 |
|
|a rus
|
| 102 |
|
|
|a RU
|
| 105 |
|
|
|a a z 001zy
|
| 200 |
1 |
|
|a Алмазная обработка технической керамики
|f Д. Б. Ваксер [и др.]
|
| 210 |
|
|
|a Ленинград
|c Машиностроение
|d 1976
|
| 215 |
|
|
|a 160 с.
|c ил.
|
| 320 |
|
|
|a Библиогр.: с. 157-158
|
| 606 |
1 |
|
|a Керамика техническая
|2 stltpush
|3 (RuTPU)RU\TPU\subj\34848
|9 56694
|
| 610 |
1 |
|
|a алмазная обработка
|
| 610 |
1 |
|
|a керамические материалы
|
| 610 |
1 |
|
|a детали
|
| 610 |
1 |
|
|a шлифование
|
| 610 |
1 |
|
|a правка
|
| 610 |
1 |
|
|a технология
|
| 610 |
1 |
|
|a производительность
|
| 610 |
1 |
|
|a доводка
|
| 610 |
1 |
|
|a инструменты
|
| 610 |
1 |
|
|a оборудование
|
| 610 |
1 |
|
|a керамика
|
| 675 |
|
|
|a 666.63
|v 4
|
| 701 |
|
1 |
|a Ваксер
|b Д. Б.
|g Давид Борисович
|
| 701 |
|
1 |
|a Иванов
|b В. А.
|g Виталий Александрович
|
| 701 |
|
1 |
|a Никитков
|b Н. В.
|g Николай Валентинович
|
| 701 |
|
1 |
|a Рабинович
|b В. Б.
|g Виллен Борисович
|
| 801 |
|
1 |
|a RU
|b 63413507
|c 20170519
|
| 801 |
|
2 |
|a RU
|b 63413507
|c 20170522
|g RCR
|
| 942 |
|
|
|c BK
|